Normal view
MARC view
Entry Topical Term
001 - CONTROL NUMBER
- control field: 22823
003 - CONTROL NUMBER IDENTIFIER
- control field: ARRUPE
005 - DATE AND TIME OF LATEST TRANSACTION
- control field: 20160308120727.0
008 - FIXED-LENGTH DATA ELEMENTS
- fixed length control field: 160308|| aca||aabn | a|a d
040 ## - CATALOGING SOURCE
- Original cataloging agency: ARRUPE
- Transcribing agency: ARRUPE
150 ## - HEADING--TOPICAL TERM
- Topical term or geographic name as entry element: Ndebele language (Zimbabwe)
- General subdivision: Grammar
670 ## - SOURCE DATA FOUND
- Source citation: Work cat.: (ARRUPE)0: Pelling, James N. 22251, Lessons in Ndebele /, 1987.